تحميل...
Chloride transport coupling in biological membranes and epithelia /
| مؤلفون آخرون: | |
|---|---|
| التنسيق: | Printed Book |
| اللغة: | English |
| منشور في: |
Oxford :
Elsevier,
1984.
|
| الموضوعات: |
| LEADER | 00525nam a2200133Ia 4500 | ||
|---|---|---|---|
| 008 | 160121b xxu||||| |||| 00| 0 eng d | ||
| 020 | |a 23 |c 574.875 | ||
| 245 | |a Chloride transport coupling in biological membranes and epithelia / |c Edited By G. A. Gereniser | ||
| 260 | |a Oxford : |b Elsevier, |c 1984. | ||
| 653 | |a Biochemistry | ||
| 700 | |a Gereniser, G. A. |e Editor | ||
| 942 | |c BK | ||
| 999 | |c 123225 |d 123225 | ||
| 952 | |0 0 |1 0 |2 ddc |4 0 |6 574_875000000000000_GER_C |7 0 |9 136423 |a LIF |b LIF |c ST1 |d 2009-08-02 |i 1037 |l 0 |o 574.875 GER/C |p LIF1037 |r 2009-08-02 |y BK | ||